| 000 | 01072nam a2200229 i 4500 | ||
|---|---|---|---|
| 001 | 35490 | ||
| 003 | ES-MaACL | ||
| 005 | 20250524063045.0 | ||
| 007 | t| | ||
| 008 | 201007s1870 sp ||||1| spa d | ||
| 080 | _a821.134.2 Delgado, Jacinto María 7 Adiciones a la historia del ingenioso hidalgo Don Quixote de la Mancha.07 | ||
| 100 | 1 |
_aLeón Máinez, Ramón, _d1846-1917 _971628 |
|
| 245 | 1 | 0 |
_aCervantes : _bartículo crítico : adiciones a la Historia del ingenioso hidalgo Don Quijote de la Mancha, escritas en arábigo por Cide-Hamete Benenjeli y traducidas al castellano por D. Jacinto María Delgado. |
| 260 |
_aCádiz : _b[s.n.], _c1870 ( _fImp. de la Revista Médica) |
||
| 300 |
_a1 h. ; _c49 cm. |
||
| 530 | _aDisponible en formato digital. | ||
| 600 | 1 | 4 |
_aDelgado, Jacinto María. _9158736 |
| 600 | 1 | 4 |
_aCervantes Saavedra, Miguel de, _d1547-1616. _tDon Quijote de la Mancha _937612 |
| 852 | 4 |
_aES-MaACL _jT-145-F-6 |
|
| 856 | 4 |
_uhttp://bdh-rd.bne.es/viewer.vm?id=0000197495&page=1 _zBiblioteca Digital Hispánica |
|
| 999 |
_c35490 _d35490 |
||